Regionálna spolupráca krajín strednej a východnej Európy v kontexte ich vstupu do Európskej únie
Spolupráca v strednej a východnej Európe. Inštitucionalizácia spolupráce - CEFTA, V4, Stredoeurópska iniciatíva, Regionálne partnerstvo. Význam spolupráce krajín SVE.
Salvato in:
| Autore principale: | |
|---|---|
| Natura: | Capitolo di libro |
| Lingua: | slovacco |
| Soggetti: | |
| Tags: |
Nessun Tag, puoi essere il primo ad aggiungerne!!
|
MARC
| LEADER | 00000nla$a2200000$$$4500 | ||
|---|---|---|---|
| 001 | 0120642 | ||
| 005 | 20240530073001.0 | ||
| 041 | 0 | |a slo | |
| 044 | |a SK | ||
| 245 | 1 | 0 | |a Regionálna spolupráca krajín strednej a východnej Európy v kontexte ich vstupu do Európskej únie |c Viera Gavaľová |
| 520 | |a Spolupráca v strednej a východnej Európe. Inštitucionalizácia spolupráce - CEFTA, V4, Stredoeurópska iniciatíva, Regionálne partnerstvo. Význam spolupráce krajín SVE. | ||
| 610 | 2 | 0 | |a SVE |
| 610 | 2 | 0 | |a spolupráca medzinárodná |
| 610 | 2 | 0 | |a spolupráca regionálna |
| 100 | 1 | |a Gavaľová, Viera | |